Văn học Việt Nam nửa cuối thế kỷ XVIII - nửa đầu thế kỷ XIX. t.II /
Đã lưu trong:
| Príomhúdar: | |
|---|---|
| Formáid: | Sách giấy |
| Teanga: | Vietnamese |
| Foilsithe: |
H.:
Đại học và Trung học Chuyên nghiệp,
1978
|
| Ábhair: | |
| Clibeanna: |
Cuir Clib Leis
Gan Chlibeanna, Bí ar an gcéad duine leis an taifead seo a chlibeáil!
|
| Thư viện lưu trữ: | Thư viện Trường Đại học Đà Lạt |
|---|
| LEADER | 00685nam a2200241 4500 | ||
|---|---|---|---|
| 001 | DLU040025856 | ||
| 005 | ##9/29/1999 | ||
| 041 | # | # | |a vie |
| 082 | # | # | |a 895.922 |b NG-L |
| 100 | # | # | |a Nguyễn Lộc |
| 245 | # | # | |a Văn học Việt Nam nửa cuối thế kỷ XVIII - nửa đầu thế kỷ XIX. |n t.II / |c Nguyễn Lộc |
| 260 | # | # | |a H.: |b Đại học và Trung học Chuyên nghiệp, |c 1978 |
| 300 | # | # | |a 443 tr.; |c 19 cm |
| 650 | # | # | |a Văn học Việt Nam |x Lịch sử và phê bình. |
| 992 | # | # | |a 0 |
| 994 | # | # | |a DLU |
| 900 | # | # | |a True |
| 911 | # | # | |a Thái Thị Thanh Thủy |
| 925 | # | # | |a G |
| 926 | # | # | |a A |
| 927 | # | # | |a SH |
| 980 | # | # | |a Thư viện Trường Đại học Đà Lạt |